[Event "MCRDMZ 2018"]
[Site "Varnsdorf"]
[Date "2018.06.17"]
[Round "7.1"]
[White "Prochazka Vojtech (Unichess)"]
[Black "Stalmach Richard (BSS F-M A)"]
[Result "1/2-1/2"]
[BlackElo "1754"]
[WhiteElo "1482"]
[LiveChessVersion "1.4.8"]

1. e4 {[%clk 0:25:19]} c6 {[%clk 0:25:19]} 2. Nc3 {[%clk 0:25:23]} d5
{[%clk 0:25:28]} 3. Nf3 {[%clk 0:25:31]} Bg4 {[%clk 0:25:37]} 4. h3
{[%clk 0:25:40]} Bxf3 {[%clk 0:25:44]} 5. Qxf3 {[%clk 0:25:48]} e6
{[%clk 0:25:53]} 6. d3 {[%clk 0:25:49]} Nf6 {[%clk 0:25:59]} 7. a3
{[%clk 0:25:49]} Be7 {[%clk 0:26:06]} 8. Be2 {[%clk 0:24:49]} d4 {[%clk 0:25:59]}
9. Na2 {[%clk 0:23:45]} c5 {[%clk 0:25:46]} 10. O-O {[%clk 0:23:14]} Nc6
{[%clk 0:25:53]} 11. Qg3 {[%clk 0:22:40]} Qd7 {[%clk 0:13:04]} 12. f4
{[%clk 0:20:56]} O-O-O {[%clk 0:11:43]} 13. Bd2 {[%clk 0:19:33]} h5
{[%clk 0:11:34]} 14. Qf3 {[%clk 0:18:09]} h4 {[%clk 0:10:54]} 15. b4
{[%clk 0:17:55]} Nh5 {[%clk 0:08:04]} 16. Rfb1 {[%clk 0:16:57]} Ng3
{[%clk 0:07:42]} 17. bxc5 {[%clk 0:16:11]} Bxc5 {[%clk 0:07:49]} 18. Nb4
{[%clk 0:15:48]} f6 {[%clk 0:05:46]} 19. Nxc6 Qxc6 20. Be1 {[%clk 0:14:11]} Nxe2+
{[%clk 0:05:46]} 21. Qxe2 {[%clk 0:14:19]} f5 {[%clk 0:03:48]} 22. Bb4
{[%clk 0:12:11]} fxe4 {[%clk 0:02:51]} 23. Bxc5 {[%clk 0:12:14]} Qxc5
{[%clk 0:02:43]} 24. Qxe4 {[%clk 0:12:13]} Qd5 {[%clk 0:02:52]} 25. Re1
{[%clk 0:11:44]} Qxe4 {[%clk 0:02:53]} 26. Rxe4 {[%clk 0:11:53]} Rd6
{[%clk 0:02:57]} 27. c4 {[%clk 0:11:23]} dxc3 {[%clk 0:02:48]} 28. Rc4+
{[%clk 0:11:30]} Rc6 {[%clk 0:02:54]} 29. Rxc6+ {[%clk 0:11:37]} bxc6
{[%clk 0:03:03]} 30. Rc1 {[%clk 0:11:45]} Rf8 {[%clk 0:02:32]} 31. Rxc3
{[%clk 0:11:54]} Kd7 {[%clk 0:02:39]} 32. Rc4 {[%clk 0:11:43]} Kd6
{[%clk 0:01:07]} 33. Ra4 {[%clk 0:11:46]} Rf7 {[%clk 0:00:52]} 34. f5
{[%clk 0:10:16]} exf5 {[%clk 0:00:33]} 35. Rxh4 {[%clk 0:10:23]} Rb7
{[%clk 0:00:27]} 36. Ra4 {[%clk 0:09:52]} g6 {[%clk 0:00:23]} 37. Kf2
{[%clk 0:10:00]} Kd5 {[%clk 0:00:27]} 38. Kf3 {[%clk 0:09:40]} Rb3
{[%clk 0:00:25]} 39. Ke3 {[%clk 0:09:26]} Rb7 {[%clk 0:00:19]} 40. Kf3
{[%clk 0:09:28]} g5 {[%clk 0:00:26]} 41. g3 {[%clk 0:09:29]} Rb3 {[%clk 0:00:31]}
42. Ke3 {[%clk 0:09:35]} Rb7 {[%clk 0:00:39]} 43. Kf3 {[%clk 0:09:42]} Ke5
{[%clk 0:00:31]} 44. Ke3 {[%clk 0:09:43]} Kd5 {[%clk 0:00:40]} 45. Kf3
{[%clk 0:09:52]} Ke5 {[%clk 0:00:50]} 46. Ke3 {[%clk 0:10:01]} Kd5
{[%clk 0:00:59]} 47. Kf3 {[%clk 0:10:11]} Re7 {[%clk 0:00:54]} 48. Ra5+
{[%clk 0:09:54]} c5 {[%clk 0:00:59]} 49. Ra4 {[%clk 0:09:32]} Kc6
{[%clk 0:00:58]} 50. Ra6+ {[%clk 0:09:24]} Kd5 {[%clk 0:00:25]} 51. Ra4
{[%clk 0:09:33]} Rb7 {[%clk 0:00:28]} 52. Ke3 {[%clk 0:09:26]} Rc7
{[%clk 0:00:36]} 53. Kf3 {[%clk 0:09:22]} Re7 {[%clk 0:00:45]} 54. h4
{[%clk 0:07:58]} gxh4 {[%clk 0:00:35]} 55. gxh4 {[%clk 0:07:49]} Ke5
{[%clk 0:00:36]} 56. Rc4 {[%clk 0:07:40]} Kd5 {[%clk 0:00:43]} 57. Ra4
{[%clk 0:07:49]} Rg7 {[%clk 0:00:49]} 58. Rf4 {[%clk 0:07:37]} Ke5
{[%clk 0:00:52]} 59. Rc4 {[%clk 0:07:41]} Rc7 {[%clk 0:01:01]} 60. d4+
{[%clk 0:07:18]} Ke6 {[%clk 0:01:04]} 61. Rxc5 {[%clk 0:07:12]} Rb7
{[%clk 0:01:11]} 62. Ra5 {[%clk 0:07:01]} Rh7 {[%clk 0:01:14]} 63. Kg3
{[%clk 0:07:01]} Rd7 {[%clk 0:01:16]} 64. Ra6+ {[%clk 0:06:38]} Kd5
{[%clk 0:01:17]} 65. Ra5+ {[%clk 0:06:47]} Ke6 {[%clk 0:01:02]} 66. Ra6+
{[%clk 0:06:55]} Kd5 {[%clk 0:00:39]} 67. Ra5+ {[%clk 0:07:02]} Ke6
{[%clk 0:00:45]} 68. Ra6+ {[%clk 0:07:11]} Kd5 {[%clk 0:00:39]} 69. Ra5+ 1/2-1/2

[Event "MCRDMZ 2018"]
[Site "Varnsdorf"]
[Date "2018.06.17"]
[Round "7.2"]
[White "Paseka Matyas (BSS F-M A)"]
[Black "Soucek Petr (Unichess)"]
[Result "0-1"]
[BlackElo "1539"]
[WhiteElo "1730"]
[LiveChessVersion "1.4.8"]

1. e4 {[%clk 0:25:15]} e5 {[%clk 0:25:19]} 2. Nf3 {[%clk 0:25:22]} Nf6
{[%clk 0:25:27]} 3. Nxe5 {[%clk 0:25:10]} d6 {[%clk 0:25:36]} 4. Nf3
{[%clk 0:25:18]} Nxe4 {[%clk 0:25:43]} 5. d4 {[%clk 0:25:27]} d5 {[%clk 0:25:50]}
6. Bd3 {[%clk 0:25:35]} Bg4 {[%clk 0:25:10]} 7. O-O {[%clk 0:25:37]} Be7
{[%clk 0:23:50]} 8. Re1 {[%clk 0:24:48]} Nf6 {[%clk 0:23:31]} 9. h3
{[%clk 0:24:34]} Bh5 {[%clk 0:23:39]} 10. Bf4 {[%clk 0:22:59]} Nc6
{[%clk 0:22:48]} 11. c3 {[%clk 0:22:49]} O-O {[%clk 0:22:33]} 12. Nbd2
{[%clk 0:21:04]} Bd6 {[%clk 0:20:40]} 13. Bxd6 {[%clk 0:20:10]} Qxd6
{[%clk 0:20:42]} 14. Qc2 {[%clk 0:16:53]} Bg6 {[%clk 0:19:37]} 15. Bxg6
{[%clk 0:15:42]} hxg6 {[%clk 0:19:45]} 16. Ne5 {[%clk 0:15:44]} Nd7
{[%clk 0:19:03]} 17. f4 {[%clk 0:12:28]} Ncxe5 {[%clk 0:18:44]} 18. fxe5
{[%clk 0:11:45]} Qb6 {[%clk 0:16:45]} 19. Re3 {[%clk 0:10:22]} c5
{[%clk 0:16:02]} 20. Nf3 {[%clk 0:10:25]} Rac8 {[%clk 0:15:47]} 21. Qd2
{[%clk 0:10:11]} cxd4 {[%clk 0:15:13]} 22. cxd4 {[%clk 0:10:02]} Rfe8
{[%clk 0:14:13]} 23. Rae1 {[%clk 0:09:22]} Nf8 {[%clk 0:13:51]} 24. Ng5
{[%clk 0:07:57]} Ne6 {[%clk 0:13:59]} 25. Nxe6 {[%clk 0:07:59]} Qxe6
{[%clk 0:13:44]} 26. Rc1 {[%clk 0:05:56]} Rxc1+ {[%clk 0:13:30]} 27. Qxc1
{[%clk 0:06:04]} Rc8 {[%clk 0:13:39]} 28. Rc3 {[%clk 0:06:02]} Rxc3
{[%clk 0:13:24]} 29. Qxc3 {[%clk 0:06:09]} Qc6 {[%clk 0:12:50]} 30. Kf2
{[%clk 0:04:08]} f6 {[%clk 0:12:15]} 31. Ke3 {[%clk 0:03:54]} Kf7
{[%clk 0:11:45]} 32. Kd3 {[%clk 0:01:05]} Ke6 {[%clk 0:10:57]} 33. Qa3
{[%clk 0:00:17]} Qc4+ {[%clk 0:10:03]} 34. Ke3 {[%clk 0:00:26]} fxe5
{[%clk 0:09:19]} 35. Qxa7 {[%clk 0:00:29]} Qc1+ {[%clk 0:09:23]} 36. Kf3
{[%clk 0:00:19]} Qf4+ {[%clk 0:09:18]} 37. Ke2 {[%clk 0:00:27]} Qe4+
{[%clk 0:09:24]} 38. Kf2 {[%clk 0:00:16]} Qf4+ {[%clk 0:08:57]} 39. Ke2
{[%clk 0:00:12]} Qe4+ {[%clk 0:09:05]} 40. Kd2 {[%clk 0:00:22]} Qf4+
{[%clk 0:09:06]} 41. Kc3 {[%clk 0:00:28]} Qe3+ {[%clk 0:09:12]} 42. Kb4
{[%clk 0:00:36]} Qd2+ {[%clk 0:09:10]} 43. Ka3 {[%clk 0:00:41]} Qd3+
{[%clk 0:09:11]} 44. b3 {[%clk 0:00:45]} e4 {[%clk 0:07:35]} 45. Qxb7
{[%clk 0:00:40]} Qxd4 {[%clk 0:07:39]} 46. Qc6+ {[%clk 0:00:38]} Kf5
{[%clk 0:07:25]} 47. Qc8+ {[%clk 0:00:20]} Kf6 {[%clk 0:06:55]} 48. Qd8+
{[%clk 0:00:21]} Kf7 {[%clk 0:06:57]} 49. Qd6 {[%clk 0:00:14]} e3
{[%clk 0:06:42]} 50. Qd7+ {[%clk 0:00:12]} Kf6 {[%clk 0:06:43]} 51. Qd8+
{[%clk 0:00:17]} Kf7 {[%clk 0:06:50]} 52. Qc7+ {[%clk 0:00:24]} Kf6
{[%clk 0:06:56]} 53. Qg3 {[%clk 0:00:22]} Qe4 {[%clk 0:06:10]} 54. Qe1
{[%clk 0:00:19]} d4 {[%clk 0:06:09]} 55. Qf1+ {[%clk 0:00:12]} Ke7
{[%clk 0:06:05]} 56. Kb2 {[%clk 0:00:12]} e2 {[%clk 0:06:07]} 57. Qe1
{[%clk 0:00:20]} Qe3 {[%clk 0:05:27]} 58. Qb4+ {[%clk 0:00:19]} Kf6
{[%clk 0:05:32]} 59. Qd6+ {[%clk 0:00:27]} Kf7 {[%clk 0:05:30]} 60. Qc7+
{[%clk 0:00:25]} Kf6 {[%clk 0:05:32]} 61. Qb6+ {[%clk 0:00:29]} Kf7
{[%clk 0:05:35]} 62. Qc7+ {[%clk 0:00:26]} Kf6 {[%clk 0:05:42]} 63. Qd6+
{[%clk 0:00:14]} Kf7 {[%clk 0:05:47]} 64. Qd5+ {[%clk 0:00:18]} Qe6
{[%clk 0:05:44]} 65. Qf3+ {[%clk 0:00:27]} Kg8 {[%clk 0:05:48]} 66. Qa8+
{[%clk 0:00:28]} Kh7 {[%clk 0:05:55]} 67. Qd8 {[%clk 0:00:17]} e1=Q
{[%clk 0:06:00]} 68. Qxd4 {[%clk 0:00:18]} Q6e5 {[%clk 0:05:52]} 69. Qxe5
{[%clk 0:00:25]} Qxe5+ {[%clk 0:06:00]} 70. Ka3 {[%clk 0:00:33]} Qa5+
{[%clk 0:06:08]} 71. Kb2 {[%clk 0:00:42]} Qd2+ {[%clk 0:06:17]} 72. Ka3
{[%clk 0:00:52]} Qxg2 {[%clk 0:06:25]} 73. b4 {[%clk 0:00:59]} Qxh3+
{[%clk 0:06:33]} 74. Ka4 {[%clk 0:01:08]} Qd7+ {[%clk 0:06:40]} 75. Ka5
{[%clk 0:01:17]} Qa7+ {[%clk 0:06:48]} 76. Kb5 {[%clk 0:01:26]} Qxa2
{[%clk 0:06:56]} 77. Kb6 {[%clk 0:01:35]} Qb3 {[%clk 0:07:04]} 78. b5
{[%clk 0:01:43]} g5 {[%clk 0:07:13]} 79. Ka6 {[%clk 0:01:51]} g4 {[%clk 0:07:22]}
80. b6 {[%clk 0:01:59]} g3 {[%clk 0:07:31]} 81. b7 {[%clk 0:02:00]} Qxb7+
{[%clk 0:07:39]} 82. Kxb7 {[%clk 0:02:06]} g2 {[%clk 0:07:48]} 0-1

[Event "MCRDMZ 2018"]
[Site "Varnsdorf"]
[Date "2018.06.17"]
[Round "7.3"]
[White "Juhanak Daniel (Unichess)"]
[Black "Vasinek Martin (BSS F-M A)"]
[Result "0-1"]
[BlackElo "1829"]
[WhiteElo "1504"]
[LiveChessVersion "1.4.8"]

1. d4 {[%clk 0:25:12]} d5 {[%clk 0:25:17]} 2. Nf3 {[%clk 0:25:19]} Nf6
{[%clk 0:25:22]} 3. g3 {[%clk 0:25:26]} e6 {[%clk 0:25:27]} 4. Bg2
{[%clk 0:25:23]} c5 {[%clk 0:25:24]} 5. O-O {[%clk 0:25:24]} Nc6 {[%clk 0:25:32]}
6. c4 {[%clk 0:24:47]} dxc4 {[%clk 0:25:18]} 7. Qa4 {[%clk 0:24:15]} Bd7
{[%clk 0:24:56]} 8. Qxc4 {[%clk 0:24:17]} cxd4 {[%clk 0:24:59]} 9. Nxd4
{[%clk 0:23:47]} Nxd4 {[%clk 0:24:33]} 10. Qxd4 {[%clk 0:23:52]} Qc7
{[%clk 0:23:20]} 11. Bf4 {[%clk 0:23:30]} Qb6 {[%clk 0:21:26]} 12. Qxb6
{[%clk 0:22:57]} axb6 {[%clk 0:21:34]} 13. Bxb7 {[%clk 0:23:00]} Ra5
{[%clk 0:21:16]} 14. Nc3 {[%clk 0:20:28]} Bb4 {[%clk 0:20:42]} 15. Bd2
{[%clk 0:19:30]} Bxc3 {[%clk 0:20:33]} 16. Bxc3 {[%clk 0:19:26]} Ra7
{[%clk 0:20:38]} 17. Bf3 {[%clk 0:19:16]} b5 {[%clk 0:19:59]} 18. Bb4
{[%clk 0:17:10]} h5 {[%clk 0:17:50]} 19. Rfd1 {[%clk 0:16:02]} h4
{[%clk 0:11:59]} 20. a3 {[%clk 0:12:46]} Rh6 {[%clk 0:05:52]} 21. Bc5
{[%clk 0:08:38]} Rc7 {[%clk 0:05:31]} 22. Bd6 {[%clk 0:08:14]} Rc2
{[%clk 0:05:18]} 23. b4 {[%clk 0:06:57]} g5 {[%clk 0:04:47]} 24. Be5
{[%clk 0:05:08]} g4 {[%clk 0:04:29]} 25. Bxf6 {[%clk 0:02:53]} gxf3
{[%clk 0:04:17]} 26. Bxh4 {[%clk 0:02:43]} fxe2 {[%clk 0:04:20]} 27. Re1
{[%clk 0:02:21]} Bc6 {[%clk 0:04:07]} 28. Rac1 {[%clk 0:02:22]} Rxc1
{[%clk 0:04:13]} 29. Rxc1 {[%clk 0:02:27]} Bf3 {[%clk 0:04:17]} 30. Re1
{[%clk 0:02:03]} Rh5 {[%clk 0:04:19]} 31. Bf6 {[%clk 0:01:25]} Rd5
{[%clk 0:04:22]} 32. Bc3 {[%clk 0:01:10]} Rd3 {[%clk 0:04:26]} 33. Bb2
{[%clk 0:01:04]} Kd7 {[%clk 0:04:34]} 34. h3 {[%clk 0:01:02]} Kc6
{[%clk 0:04:29]} 35. Rc1+ {[%clk 0:00:47]} Kd5 {[%clk 0:04:17]} 36. g4
{[%clk 0:00:28]} Rd1+ {[%clk 0:04:24]} 37. Kh2 {[%clk 0:00:19]} Rxc1
{[%clk 0:04:28]} 38. Bxc1 {[%clk 0:00:28]} e1=Q {[%clk 0:04:35]} 39. Be3
{[%clk 0:00:37]} Qf1 {[%clk 0:04:10]} 40. Kg3 {[%clk 0:00:43]} Qg2+
{[%clk 0:04:18]} 41. Kf4 {[%clk 0:00:51]} Be4 {[%clk 0:04:08]} 42. h4
{[%clk 0:00:50]} Qf3+ {[%clk 0:04:09]} 43. Kg5 {[%clk 0:00:55]} f6+
{[%clk 0:04:03]} 44. Kh5 {[%clk 0:00:59]} Bf5 {[%clk 0:04:04]} 45. Kh6
{[%clk 0:00:51]} Qxg4 {[%clk 0:04:07]} 46. h5 {[%clk 0:00:58]} Qg8
{[%clk 0:04:01]} 0-1

[Event "MCRDMZ 2018"]
[Site "Varnsdorf"]
[Date "2018.06.17"]
[Round "7.4"]
[White "Licka Denis (BSS F-M A)"]
[Black "Day Tobias (Unichess)"]
[Result "0-1"]
[BlackElo "1361"]
[WhiteElo "1537"]
[LiveChessVersion "1.4.8"]

1. e4 {[%clk 0:25:16]} c5 {[%clk 0:25:19]} 2. Nf3 {[%clk 0:25:23]} e6
{[%clk 0:25:27]} 3. d4 {[%clk 0:25:32]} cxd4 {[%clk 0:25:35]} 4. Nxd4
{[%clk 0:25:40]} Nf6 {[%clk 0:25:44]} 5. Nc3 {[%clk 0:25:48]} Nc6
{[%clk 0:25:52]} 6. Bc4 {[%clk 0:25:18]} Bb4 {[%clk 0:25:50]} 7. Bg5
{[%clk 0:22:22]} Qa5 {[%clk 0:25:33]} 8. Nxc6 {[%clk 0:20:59]} Bxc3+
{[%clk 0:25:35]} 9. Bd2 {[%clk 0:20:06]} Bxd2+ {[%clk 0:24:14]} 10. Qxd2
{[%clk 0:19:30]} Qxd2+ {[%clk 0:24:18]} 11. Kxd2 {[%clk 0:19:28]} bxc6
{[%clk 0:24:24]} 12. f3 {[%clk 0:18:42]} d5 {[%clk 0:24:11]} 13. exd5
{[%clk 0:18:44]} cxd5 {[%clk 0:24:13]} 14. Bb5+ {[%clk 0:18:50]} Bd7
{[%clk 0:24:20]} 15. Bxd7+ {[%clk 0:17:04]} Kxd7 {[%clk 0:24:25]} 16. Rad1
{[%clk 0:16:52]} Rhd8 {[%clk 0:24:18]} 17. Kc1 {[%clk 0:16:56]} Rac8
{[%clk 0:24:23]} 18. g4 {[%clk 0:16:52]} Ke7 {[%clk 0:23:43]} 19. h4
{[%clk 0:16:38]} Rd7 {[%clk 0:23:02]} 20. Rd3 {[%clk 0:15:34]} Rdc7
{[%clk 0:23:04]} 21. Rh2 {[%clk 0:15:42]} Nd7 {[%clk 0:22:06]} 22. f4
{[%clk 0:15:34]} Nc5 {[%clk 0:19:48]} 23. Rc3 {[%clk 0:15:19]} Ne4
{[%clk 0:19:45]} 24. Rxc7+ {[%clk 0:15:16]} Rxc7 {[%clk 0:19:53]} 25. g5
{[%clk 0:14:14]} Rc4 {[%clk 0:19:06]} 26. Rh3 {[%clk 0:14:02]} Nd6
{[%clk 0:18:06]} 27. Rf3 {[%clk 0:13:55]} Re4 {[%clk 0:17:20]} 28. b3
{[%clk 0:13:36]} Re2 {[%clk 0:17:03]} 29. Rg3 {[%clk 0:12:09]} Rh2
{[%clk 0:15:16]} 30. Rg4 {[%clk 0:12:13]} Nf5 {[%clk 0:15:23]} 31. b4
{[%clk 0:08:45]} Rxh4 {[%clk 0:15:26]} 32. Rxh4 {[%clk 0:08:46]} Nxh4
{[%clk 0:15:35]} 33. Kb2 {[%clk 0:08:55]} Kd6 {[%clk 0:15:43]} 34. a4
{[%clk 0:09:03]} Ng2 {[%clk 0:15:52]} 35. Kb3 {[%clk 0:09:11]} Nxf4 36. c4
{[%clk 0:09:16]} dxc4+ {[%clk 0:16:07]} 37. Kxc4 {[%clk 0:09:25]} Kc6
{[%clk 0:16:16]} 38. b5+ {[%clk 0:09:33]} Kb6 {[%clk 0:16:24]} 39. Kb4
{[%clk 0:09:42]} Nd5+ {[%clk 0:16:31]} 40. Kc4 {[%clk 0:09:47]} a6
{[%clk 0:16:35]} 41. bxa6 {[%clk 0:09:45]} Kxa6 {[%clk 0:16:42]} 0-1

[Event "MCRDMZ 2018"]
[Site "Varnsdorf"]
[Date "2018.06.17"]
[Round "7.5"]
[White "Hroch Matej (Unichess)"]
[Black "Farkova Katerina (BSS F-M A)"]
[Result "1-0"]
[BlackElo "1554"]
[WhiteElo "1398"]
[LiveChessVersion "1.4.8"]

1. e4 {[%clk 0:25:19]} e5 {[%clk 0:25:19]} 2. d4 {[%clk 0:25:27]} exd4
{[%clk 0:25:26]} 3. Qxd4 {[%clk 0:25:36]} Nc6 {[%clk 0:25:35]} 4. Qe3
{[%clk 0:25:44]} Nf6 {[%clk 0:25:42]} 5. e5 {[%clk 0:25:53]} Nd5 {[%clk 0:25:44]}
6. Qe4 {[%clk 0:25:50]} Nb6 {[%clk 0:25:25]} 7. Nf3 {[%clk 0:25:19]} Bc5
{[%clk 0:25:25]} 8. Bd3 {[%clk 0:24:23]} Ne7 {[%clk 0:24:29]} 9. Bg5
{[%clk 0:23:37]} h6 {[%clk 0:24:20]} 10. Bh4 {[%clk 0:23:36]} c6 {[%clk 0:23:35]}
11. O-O {[%clk 0:23:29]} Qc7 {[%clk 0:23:37]} 12. Nbd2 {[%clk 0:21:56]} Ng6
{[%clk 0:22:50]} 13. Bg3 {[%clk 0:21:58]} Qd8 {[%clk 0:22:39]} 14. Nb3
{[%clk 0:21:29]} Be7 {[%clk 0:22:36]} 15. Rad1 {[%clk 0:19:23]} Nd5
{[%clk 0:21:47]} 16. Bc4 {[%clk 0:16:46]} O-O {[%clk 0:19:59]} 17. Bxd5
{[%clk 0:16:00]} cxd5 {[%clk 0:20:06]} 18. Rxd5 {[%clk 0:15:23]} Qb6
{[%clk 0:19:10]} 19. Qd4 {[%clk 0:13:14]} Qe6 {[%clk 0:18:54]} 20. Nc5
{[%clk 0:10:43]} Bxc5 {[%clk 0:18:50]} 21. Qxc5 {[%clk 0:10:37]} b6
{[%clk 0:18:31]} 22. Qd6 {[%clk 0:10:09]} Qg4 {[%clk 0:17:22]} 23. Rd4
{[%clk 0:09:08]} Qf5 {[%clk 0:16:49]} 24. c3 {[%clk 0:08:07]} Qc2
{[%clk 0:16:03]} 25. Rd2 {[%clk 0:07:36]} Qa4 {[%clk 0:14:14]} 26. b3 Qa5
{[%clk 0:13:16]} 27. c4 {[%clk 0:04:44]} a6 {[%clk 0:12:17]} 28. Nh4
{[%clk 0:03:34]} Kh8 {[%clk 0:10:39]} 29. Nxg6+ {[%clk 0:03:20]} fxg6
{[%clk 0:10:48]} 30. Qxf8+ {[%clk 0:03:23]} Kh7 {[%clk 0:10:54]} 31. Rxd7
{[%clk 0:03:01]} Bxd7 {[%clk 0:10:52]} 32. Qxa8 {[%clk 0:03:08]} Qxa2
{[%clk 0:10:58]} 33. Qd8 {[%clk 0:02:32]} Bf5 {[%clk 0:10:54]} 34. Qxb6
{[%clk 0:02:24]} Bd3 {[%clk 0:10:57]} 35. Re1 {[%clk 0:01:54]} Qd2
{[%clk 0:11:03]} 36. Qe3 {[%clk 0:01:58]} Qc2 {[%clk 0:10:52]} 37. e6
{[%clk 0:01:52]} Qxb3 {[%clk 0:10:45]} 38. e7 {[%clk 0:01:49]} Qxc4
{[%clk 0:10:45]} 39. e8=Q {[%clk 0:01:54]} a5 {[%clk 0:10:42]} 40. Rc1
{[%clk 0:01:55]} Qa6 {[%clk 0:10:29]} 41. Q3e6 {[%clk 0:01:47]} Qb7
{[%clk 0:10:18]} 42. Q6g8# 1-0

[Event "MCRDMZ 2018"]
[Site "Varnsdorf"]
[Date "2018.06.17"]
[Round "7.6"]
[White "Buchtova Viktorie (BSS F-M A)"]
[Black "Dobsa Emma (Unichess)"]
[Result "0-1"]
[BlackElo "1400"]
[WhiteElo "1118"]
[LiveChessVersion "1.4.8"]

1. e4 {[%clk 0:25:18]} e5 {[%clk 0:25:19]} 2. Nf3 {[%clk 0:25:26]} Nc6
{[%clk 0:25:27]} 3. d4 {[%clk 0:25:35]} exd4 {[%clk 0:25:35]} 4. Nxd4
{[%clk 0:25:43]} Bc5 {[%clk 0:25:43]} 5. Be3 {[%clk 0:25:52]} Qf6
{[%clk 0:25:52]} 6. Nxc6 {[%clk 0:25:59]} Bxe3 {[%clk 0:26:00]} 7. fxe3
{[%clk 0:25:47]} Qxb2 {[%clk 0:26:07]} 8. Nd2 {[%clk 0:25:43]} dxc6
{[%clk 0:26:12]} 9. Bc4 {[%clk 0:25:24]} Bg4 {[%clk 0:26:00]} 10. Nf3
{[%clk 0:25:09]} Qc3+ {[%clk 0:25:57]} 11. Kf2 {[%clk 0:24:01]} Qxc4
{[%clk 0:25:57]} 12. Qd2 {[%clk 0:22:24]} Rd8 {[%clk 0:26:02]} 13. Qa5
{[%clk 0:22:22]} Bxf3 {[%clk 0:25:47]} 14. gxf3 {[%clk 0:22:27]} Qxc2+
{[%clk 0:25:48]} 15. Kg3 {[%clk 0:22:32]} Nf6 {[%clk 0:25:19]} 16. Qe5+
{[%clk 0:21:31]} Kf8 {[%clk 0:25:09]} 17. Rac1 {[%clk 0:21:19]} Qd3
{[%clk 0:24:46]} 18. Qc5+ {[%clk 0:21:23]} Qd6+ {[%clk 0:24:53]} 19. Qxd6+
{[%clk 0:21:26]} Rxd6 {[%clk 0:25:00]} 20. e5 {[%clk 0:21:35]} Nh5+
{[%clk 0:25:05]} 21. Kh4 {[%clk 0:21:41]} Rh6 {[%clk 0:25:11]} 22. Rhd1
{[%clk 0:21:37]} Nf6+ {[%clk 0:24:37]} 23. Kg5 {[%clk 0:21:26]} Rh5+
{[%clk 0:24:30]} 24. Kf4 {[%clk 0:21:21]} Nd5+ {[%clk 0:24:34]} 25. Ke4
{[%clk 0:19:26]} Rxh2 {[%clk 0:24:33]} 26. Rc4 {[%clk 0:18:13]} Rxa2
{[%clk 0:23:53]} 27. Kf5 {[%clk 0:18:03]} Nxe3+ {[%clk 0:24:01]} 28. Ke4
{[%clk 0:17:56]} Nxd1 {[%clk 0:24:06]} 29. Rd4 {[%clk 0:18:03]} Nf2+
{[%clk 0:24:09]} 30. Ke3 {[%clk 0:18:05]} Ke7 {[%clk 0:24:13]} 31. f4
{[%clk 0:17:05]} Ng4+ {[%clk 0:24:12]} 32. Kf3 {[%clk 0:17:04]} Nh2+
{[%clk 0:24:19]} 33. Kg3 {[%clk 0:16:56]} Nf1+ {[%clk 0:24:14]} 34. Kh3
{[%clk 0:16:49]} Rh2+ {[%clk 0:24:15]} 35. Kg4 {[%clk 0:16:55]} h5+
{[%clk 0:24:16]} 36. Kg5 {[%clk 0:16:25]} Ne3 {[%clk 0:24:14]} 37. f5
{[%clk 0:16:00]} Nd5 {[%clk 0:24:12]} 38. Ra4 {[%clk 0:12:59]} f6+
{[%clk 0:24:18]} 39. exf6+ {[%clk 0:12:56]} gxf6+ {[%clk 0:24:27]} 40. Kg6
{[%clk 0:12:44]} Rg2+ {[%clk 0:24:35]} 41. Rg4 {[%clk 0:12:52]} Rxg4#
{[%clk 0:24:43]} 0-1

[Event "MCRDMZ 2018"]
[Site "Varnsdorf"]
[Date "2018.06.17"]
[Round "7.7"]
[White "Hak David (VSTE CB)"]
[Black "Kures Michael (Loko Brno A)"]
[Result "0-1"]
[BlackElo "1879"]
[WhiteElo "2127"]
[LiveChessVersion "1.4.8"]

1. e4 {[%clk 0:25:18]} c5 {[%clk 0:25:19]} 2. Nf3 {[%clk 0:25:26]} Nc6
{[%clk 0:25:27]} 3. d4 {[%clk 0:25:32]} cxd4 {[%clk 0:25:36]} 4. Nxd4
{[%clk 0:25:41]} Nf6 {[%clk 0:25:45]} 5. Nc3 {[%clk 0:25:44]} d6 {[%clk 0:25:52]}
6. Be2 {[%clk 0:25:09]} e6 {[%clk 0:25:58]} 7. Be3 {[%clk 0:24:33]} Be7
{[%clk 0:26:04]} 8. O-O {[%clk 0:24:32]} O-O {[%clk 0:26:08]} 9. f4
{[%clk 0:24:12]} a6 {[%clk 0:26:06]} 10. Kh1 {[%clk 0:23:36]} Bd7
{[%clk 0:25:56]} 11. a4 {[%clk 0:22:51]} Qc7 {[%clk 0:25:45]} 12. Qe1
{[%clk 0:22:02]} Rad8 {[%clk 0:25:04]} 13. Qg3 {[%clk 0:19:58]} Rfe8
{[%clk 0:23:13]} 14. Nxc6 {[%clk 0:17:27]} Bxc6 {[%clk 0:23:11]} 15. e5
{[%clk 0:16:04]} Ne4 {[%clk 0:21:59]} 16. Nxe4 {[%clk 0:15:34]} Bxe4
{[%clk 0:21:58]} 17. c3 {[%clk 0:12:54]} dxe5 {[%clk 0:20:44]} 18. fxe5
{[%clk 0:12:43]} Bc5 {[%clk 0:20:30]} 19. Bh5 {[%clk 0:04:07]} Bg6
{[%clk 0:20:05]} 20. Bxg6 {[%clk 0:03:49]} hxg6 {[%clk 0:20:12]} 21. Bxc5
{[%clk 0:02:25]} Qxc5 {[%clk 0:20:19]} 22. Rf3 {[%clk 0:01:30]} Rd5
{[%clk 0:19:44]} 23. Raf1 {[%clk 0:00:47]} Re7 {[%clk 0:19:26]} 24. Re1
{[%clk 0:00:32]} Red7 {[%clk 0:19:10]} 25. b4 {[%clk 0:00:21]} Qc6
{[%clk 0:19:02]} 26. Qf4 {[%clk 0:00:20]} Qxa4 {[%clk 0:18:36]} 27. Rh3
{[%clk 0:00:21]} Rd1 {[%clk 0:18:34]} 28. Rhe3 {[%clk 0:00:20]} Qa1
{[%clk 0:18:28]} 29. Qf2 {[%clk 0:00:24]} Rxe1+ {[%clk 0:18:30]} 30. Rxe1
{[%clk 0:00:27]} Qxc3 {[%clk 0:18:25]} 31. Rf1 {[%clk 0:00:21]} Qxb4
{[%clk 0:18:27]} 32. Qc2 {[%clk 0:00:22]} Rd8 {[%clk 0:18:10]} 33. h3
{[%clk 0:00:18]} Qb5 {[%clk 0:18:00]} 34. Qf2 {[%clk 0:00:18]} Rf8
{[%clk 0:17:57]} 35. Qf4 {[%clk 0:00:22]} a5 {[%clk 0:17:58]} 36. Rf3
{[%clk 0:00:21]} a4 {[%clk 0:17:53]} 37. h4 {[%clk 0:00:22]} Qb1+
{[%clk 0:17:29]} 38. Kh2 {[%clk 0:00:17]} b5 {[%clk 0:17:19]} 39. Rg3
{[%clk 0:00:18]} Qf5 {[%clk 0:17:16]} 40. Qe3 {[%clk 0:00:25]} b4
{[%clk 0:17:13]} 41. Qd4 {[%clk 0:00:29]} b3 {[%clk 0:17:15]} 42. Rf3
{[%clk 0:00:24]} Qh5 {[%clk 0:15:34]} 43. Qxa4 {[%clk 0:00:19]} Qxe5+
{[%clk 0:15:40]} 44. Kh3 {[%clk 0:00:24]} b2 {[%clk 0:15:35]} 45. Rb3
{[%clk 0:00:29]} Qf5+ {[%clk 0:15:41]} 46. g4 {[%clk 0:00:20]} Qf1+
{[%clk 0:14:42]} 47. Kg3 {[%clk 0:00:17]} b1=Q {[%clk 0:14:48]} 48. Rxb1
{[%clk 0:00:21]} Qxb1 {[%clk 0:14:55]} 49. h5 {[%clk 0:00:27]} Qb8+
{[%clk 0:14:58]} 50. Kh4 {[%clk 0:00:35]} Qh2+ {[%clk 0:15:02]} 51. Kg5
{[%clk 0:00:35]} gxh5 {[%clk 0:14:34]} 52. gxh5 {[%clk 0:00:36]} Qg3+
{[%clk 0:14:39]} 0-1